000 01271cam a2200217 4500
001 L137062
008 070313s2007 xxk f 000 0 eng d
020 _a9780755914937
035 _a(Sirsi) u137062
041 0 _aeng
110 2 _aScotland
_bScottish Executive
_94769
245 0 0 _aEnergy efficiency and microgeneration
_bachieving a low carbon future - a strategy for Scotland
_h[electronic resource]
260 _aEdinburgh
_bScottish Executive
_c2007
505 2 _aSetting the scene -- Energy use in Scotland -- Changing our behaviour -- Knowing what we use -- Changing our buildings -- Improving our homes -- The public sector leading by example -- Conclusion and next steps.
520 _aSets out the Executive?s aims for improving energy efficiency and encouraging a greater uptake of microgeneration. This is a draft of the Strategy for consultation which highlights work underway, sets out progress being made, and outlines work that is currently planned for the future.
590 _aKA
651 4 _aScotland
_y1999-
690 _aENVIRONMENTAL AND LAND CONSULTANCY-ENERGY-ENERGY USE-ENERGY CONSERVATION
856 4 8 _uhttps://www.scotland.gov.uk/Publications/2007/03/09144516/0
_zView the report free of charge at www.scotland.gov.uk...
942 _n0
999 _c106623
_d106623